El silencio blanco y otros cuentos (Registro nro. 23870)

Detalles MARC
000 -CABECERA
Longitud fija campo de control 00673nam a2200217 4500
003 - IDENTIFICADOR DELl NÚMERO DE CONTROL
Identificador del número de control OSt
005 - FECHA Y HORA DE LA ÚLTIMA TRANSACCIÓN
Fecha y hora de la última transacción 20151204143506.0
008 - CÓDIGOS DE INFORMACIÓN DE LONGITUD FIJA
Códigos de información de longitud fija 851125s1984 sp 000 spa
020 ## - NÚMERO INTERNACIONAL NORMALIZADO PARA LIBROS
Número Internacional Normalizado para Libros (ISBN) 84-206-9210-7
040 ## - FUENTE DE LA CATALOGACIÓN
Centro transcriptor BMC
082 ## - NÚMERO DE LA CLASIFICACIÓN DECIMAL DEWEY
Númeroo de clasificación 808.06842
100 1# - PUNTO DE ACCESO PRINCIPAL-NOMBRE DE PERSONA
Nombre de persona London, Jack
Fechas asociadas al nombre 1876-1916
9 (RLIN) 565
245 13 - MENCIÓN DE TÍTULO
Título El silencio blanco y otros cuentos
Mención de responsabilidad, etc. Jack London ; traducción, introducción y selección, Carmen Criado
250 ## - MENCIÓN DE EDICIÓN
Mención de edición 5ª ed
260 ## - PUBLICACIÓN, DISTRIBUCIÓN, ETC. (PIE DE IMPRENTA)
Lugar de publicación, distribución, etc. Madrid
Nombre del editor, distribuidor, etc. Alianza
Fecha de publicación, distribución, etc. 1984
300 ## - DESCRIPCIÓN FÍSICA
Extensión 243 p.
Dimensiones 18 cm
490 0# - MENCIÓN DE SERIE
Mención de serie Biblioteca fundamental de nuestro tiempo. Sección Clásicos
Designación de volumen o secuencia 10
650 24 - PUNTO DE ACCESO ADICIONAL DE MATERIA - TÉRMINO DE MATERIA
9 (RLIN) 29437
Término de materia o nombre geográfico como elemento inicial Cuentos ingleses
700 1# - PUNTO DE ACCESO ADICIONAL - NOMBRE DE PERSONA
Nombre de persona Criado, Carmen‏
9 (RLIN) 37511
942 ## - ENTRADA DE ELEMENTOS AGREGADOS (KOHA)
Fuente de clasificaión o esquema Dewey Decimal Classification
Koha [por defecto] tipo de item 1- Monografias
Existencias
Suprimido Perdido Fuente de clasificación o esquema Estropeado Restricciones de uso No para préstamo Código de colección Localización permanente Localización actual Localización en estanter&íacute;as Fecha adquisición Fuente de adquisición Número de inventario Préstamos totales Signatura completa Código de barras Fecha última consulta Coste, precio reemplazado Fecha del precio de reemplazo Tipo de item de Koha
NULL NULL Dewey Decimal Classification NULL Prestable NULL NULL Biblioteca Miguel de Cervantes - UNICAES Biblioteca Miguel de Cervantes - UNICAES Sala Principal 31/08/2015 Donación - ADESH 031375   C LON sil 1035529 02/12/2015 10.00 02/12/2015 1- Monografias